States with the Most Applebee's Locations Quiz - Statistics

General Stats
  • This quiz has been taken 91 times
    77 since last reset
  • The average score is 6 of 10
Answer Stats
# State % Correct
87 New York
91%
100 California
85%
83 Texas
84%
73 Florida
75%
58 Georgia
64%
75 Ohio
62%
81 Michigan
56%
75 Pennsylvania
53%
56 Indiana
44%
55 New Jersey
35%
No matching quizzes found
Score Distribution
Percent of People with Each Score
Percentile by Number Answered
Your Score History
You have not taken this quiz since the last reset